000 00764nab a2200253 a 4500
001 54612
003 125258
005 20201118103023.0
008 ||||||n9999 ||| || ||
041 _aspa
245 0 _aRegistros civiles, presentacion personal e implantacion de huellas, instrucciones sobre anotacion en copias
260 _aBogotá :
_bLegis,
_c1996.
300 _app.894-895
562 _e0
650 _aCOLOMBIA
650 _aINSTRUCCION ADMINISTRATIVA
650 _aNOTARIAS
650 _aREGISTRO DEL ESTADO CIVIL
650 _aSERVICIOS DE NOTARIADO Y REGISTRO
650 _aSERVICIOS PÚBLICOS
650 _aSUPERINTENDENCIA DE NOTARIADO Y REGISTRO
773 _054610
_aLegislación - Tomo 89 No.1060 (1996)
942 _cSART
999 _c54612
_d54612